|
|
|
|
| LEADER |
01128nam a2200277 a 4500 |
| 001 |
31715 |
| 003 |
BD-DhAAL |
| 008 |
170423t20001996nauao||| |||| 00| 0 eng d |
| 999 |
|
|
|c 38075
|d 38075
|
| 020 |
|
|
|a 9780714839998
|
| 040 |
|
|
|a BD-DhAAL
|c BD-DhAAL
|
| 082 |
0 |
4 |
|2 23
|a 720.92
|
| 100 |
1 |
|
|a Ando, Tadao
|9 21319
|
| 245 |
1 |
0 |
|a The colours of light /
|c Tadao Ando, Richard Pare.
|
| 260 |
|
|
|a New York :
|b Phaidon Press Inc.,
|c 2000
|
| 300 |
|
|
|a 283 pages :
|b ill. (chiefly col.), ports., plans ;
|c 16 cm.
|
| 526 |
|
|
|a ARC
|
| 541 |
|
|
|e 31715
|
| 650 |
|
0 |
|a Ando, Tadao
|x Criticism and interpretation
|9 21340
|
| 650 |
|
0 |
|a Architecture
|9 21341
|x Japanese
|
| 650 |
|
0 |
|a Architecture, Modern
|y 20th century
|z Japan
|9 21342
|
| 650 |
|
0 |
|a Architecture.
|9 42627
|
| 700 |
1 |
|
|a Pare, Richard
|9 21343
|
| 852 |
|
|
|a Department of Architecture
|j General shelf
|
| 942 |
|
|
|2 ddc
|c BK
|
| 952 |
|
|
|0 0
|1 0
|2 ddc
|4 0
|6 720_920000000000000_AND
|7 0
|9 60420
|a BRACUL
|b BRACUL
|c GEN
|d 2017-04-20
|e Sarker Book Depot by Department of Architecture
|g 2532.50
|l 4
|m 12
|o 720.92 AND
|p 3010031715
|r 2025-06-29
|s 2025-06-19
|t 1
|v 2532.50
|w 2017-04-20
|y BK
|x Transferred from ARC to BRACUL on 28/12/2023
|